| 000 | 00922nam a2200205 i 4500 | ||
|---|---|---|---|
| 001 | 167451 | ||
| 003 | ES-MaACL | ||
| 005 | 20250809023253.0 | ||
| 008 | 981218s1877 phl |||| | spa d | ||
| 040 |
_aCCPB | B _bspa _cCCPB | B |
||
| 100 | 1 |
_aVidal y Soler, Domingo. _9133687 |
|
| 245 | 1 | 0 |
_aManual del maderero en Filipinas _b: conteniendo la legislación vigente de Montes, algunas noticias sobre comercio de maderas, precios a que las vende el estado, formularios, y varias tablas de reducción y cubicación / _cpor Domingo vidal y Soler. |
| 260 |
_aManila : _b[s.n.], _c1877 ( _fImp. de la Revista Mercantil de J. de Loyzaga y C.ª) |
||
| 300 |
_aXIII, 389 p. ; _c20 cm. |
||
| 650 | 7 |
_aDerecho forestal- _zFilipinas _2 _9169615 |
|
| 650 | 4 |
_aMadera- _xCubicación. _9165631 |
|
| 650 | 4 |
_aMadera- _xComercio- _zFilipinas. _9169616 |
|
| 852 |
_aES-MaACL _jG-13233 _z-- Enc. pasta española |
||
| 999 |
_c167451 _d167451 |
||